A-Z: animals & plants ending in N - Statistics

General Stats
  • This quiz has been taken 29 times
  • The average score is 10 of 26
Answer Stats
Initial letter Clue Organism's name ending in N % Correct
B Buffalo Bison
100%
C Lizard which has the ability to change colour Chameleon
100%
O Orange Indonesian ape Orangutan
100%
D Intelligent sea mammal Dolphin
93%
S Arachnid with a sting in its tail Scorpion
89%
F Small, narrow-winged bird of prey Falcon
78%
L Large cat of the savannah Lion
78%
R Furry North American mammal Raccoon
78%
G Long-armed Asian ape Gibbon
74%
P Lovable seabird with a multi-coloured beak Puffin
59%
Q Regal-sounding species name of a type of triggerfish Queen
44%
E The southernmost breeding bird in the world Emperor penguin
26%
H Cow-eating ape with some flying ability Human
22%
I Central Australian snake which is the world's most venomous Inland taipan
15%
A Red-breasted garden bird of the USA American robin
11%
V Arachnid named after the clear acetic acid which we pour onto chip shop meals Vinegaroon
11%
X Dinosaur whose name refers to foreigners and the Greek god of the sea Xenoposeidon
11%
M Long-legged, coot-like bird found in ponds Moorhen
7%
T Species of Indonesian constricting snake named after an island Timor python
7%
K South American bird with a huge beak reminiscent of the bottom part of a ship Keel-billed toucan
4%
N Relative of the swallow from a Himalayan country Nepal house martin
4%
Z Large fishing bird named after a line which keeps changing direction Zigzag heron
4%
J Constricting snake of Queensland, named after a forest habitat and a type of flooring Jungle carpet python
0%
U Insect-eating bird which only has one single hue Unicolored antwren
0%
W Lizard found along rivers Water dragon
0%
Y Small Arabian finch Yemen serin
0%
No matching quizzes found
Score Distribution
Percent of People with Each Score
Percentile by Number Answered
Your Score History
You have not taken this quiz